| 000 | 00515nam a22001697a 4500 | ||
|---|---|---|---|
| 003 | NUST | ||
| 038 | _aNusrat Nadeem | ||
| 082 | _a200 | ||
| 100 |
_aHANIF, RABIA _9125253 |
||
| 245 |
_aMulti Task Learning for Legal Judgement Prediction/ _cRABIA HANIF, |
||
| 264 |
_aIslamabad; _bSEECS NUST; _c2024. |
||
| 300 |
_a84,p; _bill; _c30,cm. |
||
| 650 |
_aMS-Computer Science _926780 |
||
| 700 |
_aSupervisor: Dr. SEEMAB LATIF _996493 |
||
| 856 | _uhttp://10.250.8.41:8080/xmlui/handle/123456789/45433 | ||
| 942 |
_2ddc _cSC |
||
| 999 |
_c611020 _d611020 |
||